000 01117nas a22002417a 4500
999 _c121165
_d121165
001 K121165
007 ta
008 191105b2019 ||||| |||| 00| 0 eng d
041 _aeng
100 _aHale, Gareth
245 _aEnforcing across the border
260 _c2019
490 _aEstates Gazette
_v(1946) 23 November 2019, 64-66(3)
520 _aFourth in a series of four articles looking at the differences between England and Scottish property law. Looks at difference between the two jurisdictions regarding rules which govern enforcement of rights or contracts in the event of a dispute. Looks at the court systems including granting of enforcement court orders, monetary obligations, forfeiture/irritancy, disclaimers, dilapidations, and buyer/borrow default. Table lists differences in terminology used. For Part 1 see K121151 and Part 2 see K121161 and Part 3 K121164. .
650 _aSecurity
650 _aForfeiture
650 _aEnforcement
651 _aEngland and Wales
651 _aScotland
690 _96241
_aFinance & taxation
700 _aJohnson, Bryan
700 _aDunn, Kirstin